Bullseye Blitz: Disney & Pixar! Quiz Stats

 Plays Quiz Updated Sep 10, 2018

Score 0/48 Timer 04:00
11 Plays Today
% Correct
Ariel
97.8%
Aurora
97.4%
Cinderella
96.8%
Grumpy
93.8%
Snow White
92.4%
Dopey
91.4%
Shenzi
89%
Scar
88.9%
Doc
87.4%
The Princess and the Frog
86.3%
Pocahontas
83.6%
Joy
83.3%
Fear
81.4%
Owl
80.4%
Helen/Bob
80.1%
Disgust
79.7%
Anger
79%
Violet
78.1%
Kanga
78.1%
Dash
76.2%
Bashful
75.8%
March Hare
74.1%
White Rabbit
74%
Queen of Hearts
72.5%
% Correct
Aladdin
71.8%
Peter Pan
70.1%
Gopher
69.7%
Eeyore
68.9%
Jack-Jack
68.3%
Beauty and the Beast
68.2%
Larry the Cable Guy
62.4%
Mad Hatter
62.1%
Pinocchio
62.1%
Bonnie Hunt
59.7%
Paul Newman
59.4%
Incredibles 2
59.3%
The Incredibles
59.3%
A Whole New World
57.8%
The Rescuers Down Under
57.6%
Owen Wilson
57.5%
The Little Mermaid
57.1%
Beauty and the Beast
53.1%
The Good Dinosaur
44.9%
Ed
40.2%
Monsters University
37%
Under the Sea
32.3%
When You Wish Upon A Star
22.8%
Banzai
21.6%

You're not logged in!

Compare scores with friends on all Sporcle quizzes.
OR
Log In

Sporcle TV

Today on Sporcle TV


Watch our educational content, quiz creation guides, and fun videos on Sporcle TV.

Show Comments

Extras

Top Quizzes Today


Score Distribution

Your Account Isn't Verified!

In order to create a playlist on Sporcle, you need to verify the email address you used during registration. Go to your Sporcle Settings to finish the process.

Report this User

Report this user for behavior that violates our Community Guidelines.

Details: